Sports Quiz

Random Sports or MLB Quiz

Top 10 Home Run Hitters A-Z Quiz Stats

 Plays Quiz not verified by Sporcle

Challenge
Share
Tweet
Embed
Score 0/251 Timer 20:00
0 Plays Today
Player % Correct
Hank Aaron
98.8%
Barry Bonds
98.7%
Jeff Bagwell
95.8%
Ken Griffey Jr.
95.6%
Jose Canseco
93.9%
Ernie Banks
93.7%
Reggie Jackson
93.2%
Willie Mays
93.2%
Carlos Delgado
92.7%
Chipper Jones
92.5%
Andruw Jones
92.5%
Babe Ruth
92.4%
Johnny Bench
92.2%
Lance Berkman
92%
Ted Williams
92%
Billy Williams
91.9%
Matt Williams
91.9%
Bernie Williams
91.9%
Cy Williams
91.9%
Lou Gehrig
91.8%
Joe Carter
91.5%
Gary Carter
91.5%
Sammy Sosa
91.5%
Frank Howard
91.4%
Ryan Howard
91.4%
Harmon Killebrew
91.1%
Mickey Mantle
91%
Todd Helton
90.9%
Garret Anderson
90.3%
Ivan Rodriguez
90.3%
Jim Thome
90.2%
Alex Rodriguez
90.2%
Vladimir Guerrero
90.1%
Mark McGwire
90.1%
Rafael Palmeiro
89.9%
Frank E. Thomas
89.9%
Frank J. Thomas
89.9%
Gorman Thomas
89.9%
Juan Gonzalez
89.5%
Luis Gonzalez
89.5%
Adam Dunn
89.2%
Jimmie Foxx
89.2%
Albert Pujols
89%
Cecil Fielder
88.4%
Prince Fielder
88.4%
Mel Ott
88.4%
Andre Dawson
88.2%
Frank Robinson
88%
Brooks Robinson
88%
Albert Belle
87.7%
Mike Schmidt
87.7%
Carl Yastrzemski
87.5%
Manny Ramirez
87.3%
Willie McCovey
87.2%
Aramis Ramirez
87.2%
Joe Dimaggio
87%
Yogi Berra
86.7%
David Ortiz
86.1%
Shawn Green
85.7%
Chase Utley
85.6%
Jason Giambi
85.4%
Cal Ripken Jr.
84.8%
Bob Johnson
84.6%
Deron Johnson
84.6%
Howard Johnson
84.6%
Eddie Murray
84.6%
Carlos Lee
84.5%
Derrek Lee
84.4%
Darrell Evans
83.9%
Dwight Evans
83.9%
Raul Ibanez
83.7%
Paul Konerko
83.4%
Al Kaline
83.3%
Stan Musial
83.2%
Jim Edmonds
82.6%
Eddie Mathews
82.6%
Mike Piazza
82.3%
Dmitri Young
81.8%
Michael Young
81.8%
Kevin Young
81.8%
Chris Young
81.8%
Willie Stargell
81.7%
Derek Jeter
81%
Gary Sheffield
80.7%
Player % Correct
Carlton Fisk
79.7%
Greg Vaughn
79.7%
Mo Vaughn
79.7%
Fred McGriff
78.9%
Chili Davis
78.7%
Eric Davis
78.7%
Andres Galarraga
78.7%
Larry Walker
78.6%
Hank Greenberg
78.5%
Brandon Inge
78.2%
Jim Rice
77.9%
Ralph Kiner
77.3%
Graig Nettles
77.3%
Robin Yount
77%
Dale Murphy
76.6%
Harold Baines
76.4%
Moises Alou
76.2%
Jack Clark
76.2%
Will Clark
76.2%
Dave Kingman
76.2%
Dave Winfield
76.2%
Tony Perez
75.9%
Bobby Abreu
75.4%
Carlos Quentin
75.4%
Duke Snider
75.3%
Magglio Ordoñez
75.1%
Todd Zeile
74.2%
Dan Uggla
74%
George Foster
73.8%
Rickey Henderson
73.8%
Rogers Hornsby
73.6%
Mark Teixeira
73.5%
Jorge Posada
73%
Kent Hrbek
72.6%
Vinny Castilla
72.2%
Roberto Alomar
71.7%
Gary Gaetti
71.3%
Miguel Tejada
70.4%
Ellis Burks
70.3%
Jermaine Dye
70.3%
Dick Allen
70%
Ryan Zimmerman
69.7%
Heinie Zimmerman
69.3%
Ron Santo
69.2%
Orlando Cepeda
69.1%
David Justice
68.8%
Darryl Strawberry
68.8%
Don Zimmer
68.7%
Norm Cash
68.4%
Alfonso Soriano
68.4%
Jason Varitek
68.3%
Dave Parker
68.2%
Gil Hodges
67.6%
Torii Hunter
67.6%
Barry Larkin
67.1%
Jeff Kent
65.8%
Scott Rolen
64.9%
Boog Powell
63.9%
Paul O'Neill
63.7%
Mike Lowell
63.4%
Johnny Mize
63.4%
Ron Cey
62.7%
J.D. Drew
61.2%
Steve Finley
61.1%
Rocky Colavito
60.8%
Phil Nevin
60.6%
Kevin Youkilis
60.5%
Eric Karros
60.1%
John Olerud
58.9%
Reggie Smith
58.8%
Javy Lopez
58.4%
Don Baylor
58%
Pete Incaviglia
57.8%
Ryan Klesko
57.6%
B.J. Upton
57%
Justin Upton
57%
Chuck Klein
56.5%
Fred Lynn
56.5%
Darin Erstad
55.2%
Ted Kluszewski
55.1%
Greg Luzinski
54.1%
Ben Zobrist
53.9%
Geoff Jenkins
53.8%
Robin Ventura
53.6%
Player % Correct
Jose Valentin
51.3%
John Valentin
51.3%
Joe Adcock
51.2%
Tony Armas
51.1%
Dean Palmer
50.8%
Tony Oliva
50.7%
Mark Quinn
50.7%
Jack Quinn
50.7%
Ray Lankford
50.2%
Brian Downing
49.9%
Lance Parrish
47.9%
Larry Parrish
47.9%
Willie Horton
46.6%
Jim Wynn
45.3%
Travis Fryman
44.8%
Juan Uribe
44.5%
Jose Uribe
44.5%
Tim Wallach
44.5%
Al Oliver
44%
Danny Tartabull
43.9%
Joe Torre
43.9%
Earl Averill
43.5%
Bob Allison
43.4%
Jose Vidro
42.5%
Trot Nixon
42.2%
Andy Van Slyke
40.1%
Del Ennis
40%
Wally Joyner
39.8%
Richie Zisk
39.6%
Ben Oglivie
39.2%
Jamie Quirk
38.8%
Cliff Floyd
38.7%
Chris Iannetta
38.2%
Larry Doby
37.5%
Amos Otis
37%
Bill Freehan
34.3%
Ellis Valentine
34.2%
Vada Pinson
33.8%
Rudy York
33.1%
Chet Lemon
32.4%
Garth Iorg
31.8%
Mike Napoli
31.6%
Bobby Thomson
30.8%
Andre Thornton
30.5%
Steve Yeager
30.2%
Maicer Izturis
30%
Matt Nokes
30%
Gus Zernial
29.2%
Monte Irvin
29%
Carl Everett
28.7%
George Hendrick
28.3%
Roy Sievers
27%
Willie Upshaw
26.9%
Juan Encarnacion
24.8%
Damion Easley
23.6%
Gregg Zaun
23.3%
Pete O'Brien
20%
Ron Fairly
19.3%
Mickey Vernon
18.9%
Jim Northrup
18.8%
Del Unser
18.5%
Rey Quinones
18.1%
Luis Quinones
18.1%
Bill Nicholson
18%
Omar Infante
17.9%
Carlos Quintana
17.4%
Eddie Yost
17.2%
Mike Ivie
15.5%
Dave Nilsson
15.4%
Ernie Lombardi
15%
Vic Wertz
13.9%
Tadahito Iguchi
12.1%
Humberto Quintero
11.8%
Bob Elliott
11.2%
Mike Epstein
11%
Robb Quinlan
11%
Ted Uhlaender
8.2%
Frank Quilici
8%
Al Zarilla
4.6%
Bob Nieman
3.7%
Ron Northey
3%
Norm Zauchin
1.5%
Billy Urbanski
0.5%

You're not logged in!

Compare scores with friends on all Sporcle quizzes.
Join for Free
OR
Log In

You Might Also Like...

Show Comments

Extras

Top Quizzes Today


Score Distribution

Your Account Isn't Verified!

In order to create a playlist on Sporcle, you need to verify the email address you used during registration. Go to your Sporcle Settings to finish the process.

Report this User

Report this user for behavior that violates our Community Guidelines.

Details: